Statystyki dla Gminy w województwie podkarpackim

Kliknij tutaj aby rozwiązać quiz!

Ogólne statystyki

  • Ten quiz został rozwiązany 485 razy
  • Średni wynik to 62 z 160

Odpowiedzi na mapie

Odpowiedzi skodowane kolorowo w zielono-czerwonej skali na mapie do tego quizu, zgodnie z poniższymi procentami.
 

Statystyki odpowiedzi

Gmina% Poprawnych
Rzeszów
92%
Przemyśl
91%
Krosno
84%
Tarnobrzeg
81%
Sanok
80%
Dębica
79%
Mielec
79%
Stalowa Wola
77%
Jasło
76%
Jarosław
75%
Ustrzyki Dolne
75%
Łańcut
74%
Lesko
74%
Nisko
71%
Leżajsk
70%
Lubaczów
69%
Przeworsk
69%
Brzozów
66%
Ropczyce
66%
Kolbuszowa
64%
Strzyżów
64%
Dynów
61%
Sędziszów Małopolski
61%
Głogów Małopolski
59%
Boguchwała
57%
Dukla
52%
Radymno
52%
Tyczyn
51%
Medyka
50%
Czarna
49%
Kańczuga
49%
Iwonicz-Zdrój
48%
Nowa Dęba
48%
Sokołów Małopolski
47%
Solina
47%
Zagórz
47%
Narol
46%
Cisna
45%
Rymanów
45%
Nowa Sarzyna
44%
Dubiecko
43%
Lutowiska
43%
Miejsce Piastowe
43%
Pilzno
43%
Sieniawa
42%
Błażowa
41%
Jedlicze
41%
Komańcza
41%
Bircza
39%
Brzostek
39%
Pruchnik
39%
Rudnik nad Sanem
39%
Baranów Sandomierski
38%
Domaradz
38%
Frysztak
38%
Cieszanów
37%
Czudec
37%
Krasne
35%
Oleszyce
35%
Ulanów
35%
Niebylec
34%
Trzebownisko
34%
Zaklików
34%
Baligród
33%
Fredropol
33%
Horyniec-Zdrój
33%
Przecław
33%
Radomyśl Wielki
33%
Świlcza
33%
Kołaczyce
32%
Krasiczyn
32%
Markowa
32%
Jawornik Polski
30%
Jeżowe
30%
Nowy Żmigród
30%
Nozdrzec
30%
Wiązownica
30%
Wiśniowa
30%
Cmolas
29%
Hyżne
29%
Korczyna
29%
Lubenia
29%
Żurawica
29%
Kamień
28%
Majdan Królewski
28%
Tryńcza
28%
Gorzyce
27%
Orły
27%
Białobrzegi
26%
Gać
26%
Grodzisko Dolne
26%
Rakszawa
26%
Wielkie Oczy
26%
Chmielnik
24%
Krempna
24%
Laszki
24%
Wielopole Skrzyńskie
24%
Żołynia
24%
Dydnia
23%
Raniżów
23%
Zarzecze
23%
Adamówka
22%
Besko
22%
Haczów
22%
Harasiuki
22%
Jasienica Rosielna
22%
Krzeszów
22%
Osiek Jasielski
22%
Pawłosiów
22%
Dzikowiec
21%
Radomyśl nad Sanem
21%
Tuszów Narodowy
21%
Grębów
20%
Jarocin
20%
Jaśliska
20%
Kuryłówka
20%
Niwiska
19%
Bojanów
18%
Jodłowa
18%
Krościenko Wyżne
18%
Rokietnica
18%
Stubno
18%
Tyrawa Wołoska
18%
Wadowice Górne
18%
Ostrów
17%
Pysznica
17%
Krzywcza
16%
Olszanica
16%
Padew Narodowa
16%
Roźwienica
16%
Stary Dzików
16%
Zarszyn
16%
Brzyska
14%
Dębowiec
14%
Skołyszyn
14%
Tarnowiec
14%
Zaleszany
14%
Czermin
13%
Wojaszówka
13%
Chłopice
12%
Gawłuszowice
11%
Bukowsko
10%
Chorkówka
10%
Iwierzyce
10%
Borowa
9%
Żyraków
9%

Rozkład punktacji

Percentyl według liczby udzielonych odpowiedzi

Procent ludzi z każdym wynikiem

Twoja historia wyników

Nie rozwiązałeś tego quizu